[Event "Harburg-chC 4th"]
[Site "Hamburg"]
[Date "2006.08.12"]
[Round "3"]
[White "Kemeny, Matthias"]
[Black "Polenz, Frederik"]
[Result "1-0"]
[WhiteElo "2011"]
[BlackElo "1970"]
[PlyCount "83"]
[EventDate "2006.08.??"]
[EventType "tourn"]
[EventRounds "5"]
[EventCountry "GER"]
[SourceTitle "EXT 2008"]
[Source "ChessBase"]
[SourceDate "2007.11.25"]
[SourceVersion "1"]
[SourceVersionDate "2007.11.25"]
[SourceQuality "1"]

1. e4 d6 2. d4 Nf6 3. Nc3 e5 4. dxe5 dxe5 5. Qxd8+ Kxd8 6. Bg5 Be6 7. 0-0-0+ Nbd7 8. f4 exf4 9. Bxf4 Ng4 10. Nh3 Bc5 11. Nd5 Bxd5 12. exd5 Re8 13. Bb5 a6 14. Ba4 Be3+ 15. Bxe3 Rxe3 16. Rhe1 Nc5 17. Rxe3 Nxe3 18. Re1 Nxa4 19. Rxe3 Kd7 20. Ng5 f6 21. Ne6 Nb6 22. Nc5+ Kd6 23. Nxb7+ Kxd5 24. Re7 Kc6 25. Na5+ Kb5 26. Nb3 c5 27. Rxg7 Re8 28. Rc7 Re5 29. c3 Nc4 30. a4+ Kb6 31. Rxh7 Re1+ 32. Kc2 Rg1 33. Rg7 Ne3+ 34. Kd3 Nxg2 35. a5+ Kc6 36. Ra7 Ne1+ 37. Ke2 Kb5 38. Rb7+ Kc4 39. Nd2+ Kd5 40. Rb6 f5 41. Rxa6 Nc2 42. c4+ 1-0

[Event "Oberliga Nord W 0405"]
[Site "Germany"]
[Date "2005.03.13"]
[Round "8.8"]
[White "Stotyn, Fabian"]
[Black "Polenz, Frederik"]
[Result "1-0"]
[WhiteElo "2197"]
[BlackElo "1983"]
[PlyCount "109"]
[EventDate "2004.10.24"]
[EventType "team-tourn"]
[EventRounds "9"]
[EventCountry "GER"]
[SourceTitle "EXT 2006"]
[Source "ChessBase"]
[SourceDate "2005.11.24"]
[SourceVersion "1"]
[SourceVersionDate "2005.11.24"]
[SourceQuality "1"]
[WhiteTeam "Nordhorn Blanke"]
[BlackTeam "Hannover"]
[WhiteTeamCountry "GER"]
[BlackTeamCountry "GER"]

1. e4 d6 2. d4 Nf6 3. Nc3 e5 4. dxe5 dxe5 5. Qxd8+ Kxd8 6. Bc4 Be6 7. Bxe6 fxe6 8. Bg5 Bd6 9. 0-0-0 Nc6 10. Nge2 Ke7 11. Rhf1 Rhb8 12. f4 b5 13. f5 b4 14. Na4 Rb5 15. Rd3 exf5 16. Rxf5 Ke6 17. Bxf6 gxf6 18. Nf4+ Kf7 19. Nd5 Rxd5 20. exd5 Ne7 21. Rf1 Re8 22. c4 e4 23. Re3 Ng6 24. g3 Be5 25. Kc2 Bd4 26. Re2 a5 27. Rd1 Ba7 28. d6 cxd6 29. Rxd6 f5 30. Nb6 Ne5 31. Nd5 Re6 32. Rd8 Bg1 33. Rg2 Nf3 34. Kd1 Bxh2 35. Rd7+ Kf8 36. Rxh7 Bg1 37. Rh1 Bd4 38. Rf1 Be5 39. Ne3 Rd6+ 40. Kc2 f4 41. gxf4 Bxf4 42. Nd5 Bh6 43. Re2 Kg7 44. Rxe4 Ng5 45. Re7+ Kg6 46. Kb3 Bg7 47. Ra7 Bd4 48. Rxa5 Ne4 49. Rd1 Be5 50. Ne7+ Kf6 51. Rxd6+ Bxd6 52. Nd5+ Ke6 53. Ka4 Nc5+ 54. Rxc5 Bxc5 55. Nxb4 1-0

[Event "Oberliga Nord W 0405"]
[Site "Germany"]
[Date "2005.02.13"]
[Round "7.8"]
[White "Boettcher, Christian"]
[Black "Polenz, Frederik"]
[Result "1-0"]
[WhiteElo "2166"]
[BlackElo "1983"]
[PlyCount "129"]
[EventDate "2004.10.24"]
[EventType "team-tourn"]
[EventRounds "9"]
[EventCountry "GER"]
[SourceTitle "EXT 2006"]
[Source "ChessBase"]
[SourceDate "2005.11.24"]
[SourceVersion "1"]
[SourceVersionDate "2005.11.24"]
[SourceQuality "1"]
[WhiteTeam "Goettingen Tempo"]
[BlackTeam "Hannover"]
[WhiteTeamCountry "GER"]
[BlackTeamCountry "GER"]

1. e4 d6 2. d3 g6 3. Nd2 Bg7 4. g3 Nf6 5. Bg2 0-0 6. f4 c6 7. Ngf3 Bg4 8. h3 Bxf3 9. Qxf3 Nbd7 10. 0-0 e5 11. f5 gxf5 12. Qxf5 Nc5 13. Nc4 b5 14. Ne3 Ne6 15. c3 Kh8 16. Qf3 Ng8 17. Nf5 Bf6 18. h4 Ng7 19. Ne3 Be7 20. Bd2 Qd7 21. Kh2 f5 22. Nxf5 Nxf5 23. exf5 d5 24. Bh3 Nf6 25. Qe2 Bd6 26. Bg5 Rae8 27. Rae1 e4 28. d4 Qf7 29. Bf4 Bxf4 30. Rxf4 Rg8 31. Qe3 Rg7 32. g4 h6 33. Rg1 Reg8 34. Rg2 Nh7 35. Rf1 Qf6 36. Qg3 a5 37. a4 b4 38. cxb4 Qxd4 39. bxa5 Qxa4 40. Qf4 Qb5 41. Rc1 c5 42. Qxh6 d4 43. Qd6 e3 44. Rxc5 Qb4 45. Rd5 Qe1 46. Rxd4 Qxh4 47. Qe5 Ng5 48. Qxe3 Re7 49. Qc3 Kh7 50. Qg3 Qh6 51. Rc2 Rge8 52. Rd3 Ne4 53. Qf3 Ng5 54. Qg2 Qa6 55. Qg3 Qh6 56. Rc7 Ne4 57. Rxe7+ Rxe7 58. Qe3 Qc6 59. Bg2 Qc7+ 60. Kg1 Nc5 61. Qh3+ Kg7 62. Re3 Rd7 63. f6+ Kxf6 64. Qh6+ Kf7 65. Bd5+ 1-0